Studies on histeria

Saved in:
Bibliographic Details
Main Author: Breuer, Josef, 1842-1925
Other Authors: Freud, Sigmund, 1856-1939
Format: Book
Language:English
Published: Harmondsworth, England : Penguin, 1974
Series:Pelican Freud library ; ; 3
Subjects:
Tags: Add Tag
No Tags, Be the first to tag this record!

MARC

LEADER 00000nam a2200000 i 4500
001 1/85646
008 960702s1974 eng d
020 |a 0-14-021737-1 
035 |a 1987  |c Αγορά  |l 10034750 
040 |a GR-MY-UA  |b gre  |e aacr 
041 0 |a eng 
082 0 |a 157.3 
100 1 |a Breuer, Josef,   |d 1842-1925. 
245 1 0 |a Studies on histeria /  |c Josef Breuer, Sigmund Freud 
260 |a Harmondsworth, England :   |b Penguin,   |c 1974 
300 |a 425 p. 
490 1 |a The Pelikan Freud library  |v ; 3 
650 0 0 |a Hysteria  |y Early works to 1900. 
650 0 0 |a Hypnotism  |x Therapeutic use. 
650 0 0 |a Psychology, Pathological. 
650 0 0 |a Psychoanalysis. 
700 1 |a Freud, Sigmund,   |d 1856-1939. 
830 0 |a Pelican Freud library ;  |v ; 3 
852 |a INST  |b RHODES  |e 19960702  |h 157.3 BRE  |p 005400004764  |q 005400004764  |t BK  |y 0 
909 |a Ρ  |b 006071  |c 1987